Orçamento público municipal : (Record no. 92)

MARC details
000 -LÍDER
Campo Fixo de Controle 00902cam a2200265 a 4500
001 - NÚMERO DE CONTROLE
Campo de Controle 92
003 - IDENTIFICAÇÃO DO NÚMERO DE CONTROLE
Campo de Controle BR-CuiBMT
005 - DATA E HORA DA ÚLTIMA ATUALIZAÇÃO
Campo de Controle 20231113225725.0
008 - DADOS FIXOS
Dados Fixos 230811s2023 mgba 000 0 por d
020 ## - INTERNATIONAL STANDARD BOOK NUMBER
Nº do ISBN 9786555183665
040 ## - AGÊNCIA CATALOGADORA
Código da Agência Catalogadora BR-CuiBMT
Agência que transcreveu o registro BR-CuiBMT
080 ## - Nº DA CLASSIFICAÇÃO DECIMAL UNIVERSAL
Nº edição CDU 2007
Nº Class. CDU 336.14:352
090 ## - NÚMERO DE CHAMADA
Nº classificação 336.14:352
Cutter S586o
100 1# - ENTRADA PRINCIPAL -- AUTOR PESSOAL
Nome pessoal Silva, Moacir Marques da
245 10 - TÍTULO PRINCIPAL
Título principal Orçamento público municipal :
Subtítulo abordagem prática /
Indicação de responsabilidade Moacir Marques da Silva ; Antonio Carlos Alves Pinto Serrano ... [et al.], apresentação.
260 ## - PUBLICAÇÃO, DISTRIBUIÇÃO, ETC.
Local de publicação Belo Horizonte :
Editora Fórum,
Data 2023.
300 ## - DESCRIÇÃO FÍSICA
N. páginas ou volumes 237 p. :
Ilustrações il. ;
Dimensões 22 cm
504 ## - NOTA DE BIBLIOGRAFIA, ETC.
Nota de bibliografia Inclui bibliografia.
650 ## - ASSUNTO TÓPICO
Cabeçalho tópico ou nome geográfico Orçamento municipal
650 ## - ASSUNTO TÓPICO
Cabeçalho tópico ou nome geográfico Despesas públicas
Subdivisão geral Municípios
650 ## - ASSUNTO TÓPICO
Cabeçalho tópico ou nome geográfico Gestão pública municipal
650 ## - ASSUNTO TÓPICO
Cabeçalho tópico ou nome geográfico Controle orçamentário
Subdivisão geral Recursos públicos
650 ## - ASSUNTO TÓPICO
Cabeçalho tópico ou nome geográfico Lei de responsabilidade fiscal
Subdivisão geral Municípios
942 ## - ELEMENTOS DE ENTRADA ADICIONAIS (KOHA)
Fonte de classificação ou esquema de arquivamento Classificação Decimal Universal
Tipo de item do Koha Livros
Holdings
Estado: removido Estado: perdido Fonte de classificação ou esquema de arquivamento Estado: danificado Indisponível para empréstimo Localização permanente Localização atual Data de aquisição Total Checkouts Número de Chamada completo Código de barras Date last seen Número do exemplar Preço efetivo a partir de Tipo de item (Koha)
    Classificação Decimal Universal     Biblioteca da Escola Superior de Contas do TCE/MT Biblioteca da Escola Superior de Contas do TCE/MT 28/07/2023   336.14:352 S586o BIBTCEMT23080068 11/08/2023 Ex. 1 11/08/2023 Livros

Powered by Koha